Top 10 des métiers Leo Evans - Statistiques

Statistiques générales
  • Ce quiz a été pris 8 fois
  • Le résultat moyen est 5 sur 10
Statistiques - réponses
Hint Réponse % Correct
2 cuisinier
100%
3 musicien
71%
1 tatoueur
71%
5 infirmier
57%
7 medecin
57%
4 sophrologue
57%
9 danseur
43%
8 acteur
14%
10 dieteticien
14%
6 exorciste
14%
Aucun quiz correspondant
Distribution des résultats
% des personnes avec chaque résultat
Percentile par nombre de réponses
Votre historique - résultats
Vous n’avez pas pris ce quiz